000 01182cam a2200337 i 4500
001 13105024
003 Mx-PuUPA
005 20231004143506.0
008 030226s1990 mx d gr 000 0 spa
020 _a9682315573
040 _aMx-PuUPA
_bspa
_cMx-PuUPA
_dMx-PuUPA
_erda
041 0 _aspa
100 1 _aBasáñez, Miguel,
_914926
_eautor
245 1 3 _aEl pulso de los sexenios :
_b20 años de crisis en México /
_cpor Miguel Basáñez
250 _aPrimera edición
264 1 _aMéxico, D. F. :
_bSiglo xxi editores,
_c1990
300 _a411 páginas :
_bgráficas, tablas ;
_c21 cm
336 _2rdacontent
_atexto
_btxt
337 _2rdamedia
_asin medio
_bn
338 _2rdacarrier
_avolumen
_bnc
490 0 _aSociología y política
651 4 _aMéxico
_xCondiciones económicas
651 4 _aMéxico
_xHistoria
_y1946-1970
651 4 _aMéxico
_xHistoria
_y1970-1988
651 4 _aMéxico
_xPolítica económica
_y1964
651 4 _aMéxico
_xPolítica social
_y1964
942 _2ddc
_cLI
_h320.972
_iB297
999 _c67814
_d67814